| 000 | 00508nam a2200121 a 4500 | ||
|---|---|---|---|
| 008 | 070514s2006 ||||||||||||||||| || u | ||
| 050 | _aUN-ESC(02) | ||
| 110 | _aUnited Nations Forum on Forests | ||
| 245 | 1 | 0 | _aReport of the sixth session (27 May 2005 and 13 to 24 February 2006) |
| 260 |
_aNew York _bUNITED NATIONS _c2006 |
||
| 350 | _a0.00 | ||
| 995 |
_D0.00 _FCBU-MAIN LIBRARY (Kitwe) _H1 _I0.00 _M1 _UAVAILABLE _WMay 14, 2007 _ZInternational Publications |
||
| 999 |
_c56164 _d56164 |
||